Statistiche per Completa il Proverbio - Quiz n°8

Clicka qui per fare il quiz!

Statistiche generali

  • Questo quiz è stato fatto 49 volte
  • Il punteggio medio è 12 su 15

Statistiche sulle risposte

ProverbioParola mancante% Corretto
Meglio tardi che ___Mai
100%
Il primo amore non si _____ maiScorda
98%
Tra i due ______ il terzo godeLitiganti
96%
Se son ____ fiorirannoRose
96%
L'_____ fa la forzaUnione
96%
Il riso abbonda sulla ____ degli stoltiBocca
91%
Al ____ non si comandaCuore
89%
Il ______ ha l'oro in boccaMattino
87%
Chi la fa l'______Aspetti
80%
Chi la dura la ____Vince
80%
__________ non porta penaAmbasciator
74%
Il pesce puzza dalla ____Testa
70%
Non bisogna fasciarsi il ___ prima di romperseloCapo
67%
L'___ è il padre di tutti i viziOzio
65%
Ogni ________ è debitoPromessa
59%

Distribuzione punteggi

Percentile per numero di risposta

Percentuale di utenti per punteggio

I tuoi punteggi nel tempo

Non hai fatto questo quiz